000 00386cam a22001337a 4500
008 180718b1966 xxu||||| |||| 00| 0 eng d
082 _aA6x547 T219
100 _aTayyeb, A.
245 _aPakistan: a political geography
_cA. Tayyeb
260 _aLondon
_bOxford University
_c1966
300 _axvi,250p.
650 _aPakistan --Description and travel.
650 _aPakistan --Boundaries
999 _c412638
_d412638